| 000 | 00350nam a2200133Ia 4500 | ||
|---|---|---|---|
| 008 | 190216s9999||||xx |||||||||||||| ||und|| | ||
| 100 | _aRobert G.Bartle & Donald R.Sherbert | ||
| 245 | 0 | _aIntroduction To Real Analysis Iii Edi | |
| 250 | _a3rd Ed. | ||
| 260 |
_bJohn Wiley & Sons _c2005 |
||
| 300 | _a388 | ||
| 650 | _aMathe Matics | ||
| 942 | _cBK | ||
| 999 |
_c32531 _d32531 |
||